Vainqueurs de la Ligue des Champions (1956-2025) - Statistiques

Statistiques générales
  • Ce quiz a été pris 101 fois
  • Le résultat moyen est 41 sur 70
Statistiques - réponses
Années Réponses % Correct
2025 PSG
88%
1956 Real Madrid
86%
1957 Real Madrid
84%
2024 Real Madrid
84%
2023 Manchester City
81%
1958 Real Madrid
81%
1959 Real Madrid
81%
2022 Real Madrid
81%
1960 Real Madrid
79%
2020 Bayern Munich
77%
2021 Chelsea
77%
2015 FC Barcelone
75%
2019 Liverpool FC
75%
2016 Real Madrid
75%
2017 Real Madrid
75%
2018 Real Madrid
75%
2012 Chelsea
74%
2011 FC Barcelone
74%
2010 Inter Milan
74%
2014 Real Madrid
74%
2013 Bayern Munich
72%
2004 FC Porto
72%
2009 FC Barcelone
70%
1993 Olympique de Marseille
68%
2005 Liverpool FC
67%
2008 Manchester United
67%
2000 Real Madrid
67%
2006 FC Barcelone
63%
2007 AC Milan
61%
1961 Benfica
61%
1962 Benfica
61%
2002 Real Madrid
58%
1994 AC Milan
54%
1995 Ajax Amsterdam
54%
1991 Etoile rouge de Belgrade
54%
2001 Bayern Munich
53%
1997 Borussia Dortmund
53%
1979 Nottingham Forest
53%
1980 Nottingham Forest
53%
1998 Real Madrid
53%
1996 Juventus
51%
1971 Ajax Amsterdam
49%
1972 Ajax Amsterdam
49%
1964 Inter Milan
49%
1965 Inter Milan
49%
1973 Ajax Amsterdam
47%
1976 Bayern Munich
47%
1992 FC Barcelone
47%
1963 AC Milan
46%
2003 AC Milan
46%
1967 Celtic
46%
1974 Bayern Munich
44%
1975 Bayern Munich
44%
1999 Manchester United
44%
1985 Juventus
42%
1984 Liverpool FC
42%
1982 Aston Villa
40%
1970 Feyenoord
40%
1977 Liverpool FC
40%
1968 Manchester United
40%
1966 Real Madrid
40%
1969 AC Milan
39%
1990 AC Milan
39%
1983 Hambourg SV
39%
1978 Liverpool FC
39%
1986 Steaua Bucarest
39%
1989 AC Milan
37%
1981 Liverpool FC
35%
1988 PSV Eindhoven
35%
1987 FC Porto
32%
Aucun quiz correspondant
Distribution des résultats
% des personnes avec chaque résultat
Percentile par nombre de réponses
Votre historique - résultats
Vous n’avez pas pris ce quiz